Nadia revisited (Record no. 12967)

MARC details
000 -LEADER
fixed length control field 01340cam a2200313Ia 4500
001 - CONTROL NUMBER
control field 9780203825761
003 - CONTROL NUMBER IDENTIFIER
control field BD-DhSAU
005 - DATE AND TIME OF LATEST TRANSACTION
control field 20151012151723.0
006 - FIXED-LENGTH DATA ELEMENTS--ADDITIONAL MATERIAL CHARACTERISTICS
fixed length control field m|||||o||d||||||||
007 - PHYSICAL DESCRIPTION FIXED FIELD--GENERAL INFORMATION
fixed length control field cr||||
008 - FIXED-LENGTH DATA ELEMENTS--GENERAL INFORMATION
fixed length control field 150501s2011 nyua ob 001 0 eng d
020 ## - INTERNATIONAL STANDARD BOOK NUMBER
International Standard Book Number 9780203825761 (e-book : PDF)
040 ## - CATALOGING SOURCE
Original cataloging agency BD-DhSAU
Transcribing agency BD-DhSAU
090 ## - LOCALLY ASSIGNED LC-TYPE CALL NUMBER (OCLC); LOCAL CALL NUMBER (OCLC)
Classification number (OCLC) (R) ; Classification number, CALL (RLIN) (NR) RC553.A88
Local cutter number (OCLC) ; Book number/undivided call number, CALL (RLIN) S45 2011
092 ## - LOCALLY ASSIGNED DEWEY CALL NUMBER (OCLC)
Classification number 616.85882
Item number S465
100 1# - MAIN ENTRY--PERSONAL NAME
Personal name Selfe, Lorna.
245 10 - TITLE STATEMENT
Title Nadia revisited
Medium [electronic resource] :
Remainder of title a longitudinal study of an autistic savant /
Statement of responsibility, etc. Lorna Selfe.
260 ## - PUBLICATION, DISTRIBUTION, ETC. (IMPRINT)
Place of publication, distribution, etc. New York, N.Y. :
Name of publisher, distributor, etc. Psychology Press,
Date of publication, distribution, etc. 2011.
300 ## - PHYSICAL DESCRIPTION
Extent xiv, 253 p. :
Other physical details ill.
504 ## - BIBLIOGRAPHY, ETC. NOTE
Bibliography, etc Includes bibliographical references (p. [225]-240) and indexes.
505 0# - FORMATTED CONTENTS NOTE
Formatted contents note 1. Nadia then and now -- 2. Nadia's drawings -- 3. Nadia and representational drawing -- 4. Nadia and autistic spectrum disorder -- 5. Savant syndrome -- 6. Theories of Savant syndrome -- 7. Gifted children : precocious artists -- 8. The challenge of Nadia.
530 ## - ADDITIONAL PHYSICAL FORM AVAILABLE NOTE
Additional physical form available note Also available in print edition.
538 ## - SYSTEM DETAILS NOTE
System details note Mode of access: World Wide Web.
650 #0 - SUBJECT ADDED ENTRY--TOPICAL TERM
Topical term or geographic name as entry element Autism
General subdivision Longitudinal studies.
650 #0 - SUBJECT ADDED ENTRY--TOPICAL TERM
Topical term or geographic name as entry element Savant syndrome
General subdivision Longitudinal studies.
655 #7 - INDEX TERM--GENRE/FORM
Genre/form data or focus term Electronic books.
Source of term lcsh
776 1# - ADDITIONAL PHYSICAL FORM ENTRY
International Standard Book Number 9781848720381 (hardback)
856 40 - ELECTRONIC LOCATION AND ACCESS
Uniform Resource Identifier <a href="http://www.tandfebooks.com/isbn/9780203825761">http://www.tandfebooks.com/isbn/9780203825761</a>

No items available.